Colección completa de problemas de Análisis Matemático propuestos en la convocatoria de ingreso del año 1954 en la Academia General Milita / (Record no. 184700)
[ view plain ]
| 000 -LEADER | |
|---|---|
| campo de control de longitud fija | 00604nam a2200145 i 4500 |
| 001 - NÚMERO DE CONTROL | |
| campo de control | 184700 |
| 003 - IDENTIFICADOR DE NÚMERO DE CONTROL | |
| campo de control | ES-MaACL |
| 005 - FECHA Y HORA DE LA ÚLTIMA TRANSACCIÓN | |
| campo de control | 20230906222245.0 |
| 008 - DATOS DE LONGITUD FIJA--INFORMACIÓN GENERAL | |
| campo de control de longitud fija | 151116s1954 sp |||| | spa d |
| 100 1# - ENTRADA PRINCIPAL--NOMBRE DE PERSONA | |
| Nombre de persona | Mañeru Ballarín, Juan. |
| 9 (RLIN) | 158140 |
| 245 10 - MENCIÓN DEL TÍTULO | |
| Título | Colección completa de problemas de Análisis Matemático propuestos en la convocatoria de ingreso del año 1954 en la Academia General Milita / |
| Mención de responsabilidad, etc. | recopilados y resueltos por Juan Mañeru Ballarín... y José María Esponera Vicen. |
| 260 ## - PUBLICACIÓN, DISTRIBUCIÓN, ETC. | |
| Lugar de publicación, distribución, etc. | [Zaragoza : |
| Nombre del editor, distribuidor, etc. | s.n., |
| Fecha de publicación, distribución, etc. | 1954] ( |
| Fabricante | Imp. Estilo) |
| 300 ## - DESCRIPCIÓN FÍSICA | |
| Extensión | 99 p. ; |
| Dimensiones | 21 cm. |
| 852 ## - LOCALIZACIÓN | |
| Ubicación | ES-MaACL |
| Número de control de estantería | 1974-F-12 |
| Estatus retirado | Estado de pérdida | Estado de daño | No para préstamo | Colección | Biblioteca de origen | Biblioteca actual | Ubicación en estantería | Fecha de adquisición | Fuente de adquisición | Total de préstamos | Signatura topográfica completa | Código de barras | Visto por última vez | Precio de reemplazo | Tipo de ítem Koha |
|---|---|---|---|---|---|---|---|---|---|---|---|---|---|---|---|
| Colección de folletos | Biblioteca del Ateneo de Madrid | Biblioteca del Ateneo de Madrid | Depósito folletos | 16/11/2015 | 1974-F-12 | 1194469 | 23/02/2023 | 23/02/2023 | Folleto |
